| 000 | 00491nam a2200181 a 4500 | ||
|---|---|---|---|
| 020 | _a2130432263 : | ||
| 040 | _cDLC | ||
| 082 | _a305 PRE 1991 A019 Or. | ||
| 100 | 1 | _aPaugam, Serge. | |
| 245 | 1 | 3 |
_aLa disqualification sociale : _bessai sur la nouvelle pauvreté / |
| 250 | _a1. éd. | ||
| 260 |
_aParis : _bPresses universitaires de France, _cc1991. |
||
| 300 |
_a254 p. ; _c22 cm. |
||
| 650 | 0 | _aMarginality, Social. | |
| 650 | 0 | _aPoverty. | |
| 650 | 0 | _aPublic welfare. | |
| 942 | _cEK | ||
| 999 |
_c12307 _d12307 |
||